000
00259nam a22001217a 4500
008
180920b xxu||||| |||| 00| 0 eng d
041
_a
eng
080
_a
610
100
_a
5
101
_a
ANE
245
_a
Anesthesia Analgesia
_c
Jubile .S
942
_2
udc
_c
BK
999
_c
48150
_d
48150